[Event "Angers op 1st"]
[Site "Angers"]
[Date "2006.05.08"]
[Round "5"]
[White "Terrat, Francois"]
[Black "Latapie, Frederic"]
[Result "1-0"]
[WhiteElo "1499"]
[BlackElo "1630"]
[PlyCount "99"]
[EventDate "2006.05.06"]
[EventType "swiss"]
[EventRounds "6"]
[EventCountry "FRA"]
[SourceTitle "EXT 2007"]
[Source "ChessBase"]
[SourceDate "2006.11.23"]
[SourceVersion "1"]
[SourceVersionDate "2006.11.23"]
[SourceQuality "1"]

1. Nf3 c5 2. d4 cxd4 3. Nxd4 Nf6 4. e3 d6 5. Nd2 a6 6. c3 Nbd7 7. Bd3 Nc5 8. Bc2 e6 9. N4f3 Be7 10. 0-0 b5 11. Re1 Bb7 12. b4 Nce4 13. Bb2 Rc8 14. Nxe4 Nxe4 15. Bxe4 Bxe4 16. a4 Bf6 17. Nd4 Qb6 18. axb5 axb5 19. Ra5 Bxd4 20. exd4 Bc6 21. Qg4 Kf8 22. Rc1 h5 23. Qf4 Bd5 24. Rca1 Rh6 25. Ra6 Qd8 26. Rxd6 Qe8 27. Re1 Bc4 28. f3 Ra8 29. Rb6 Rf6 30. Qd6+ Kg8 31. Bc1 Kh7 32. Qe5 Rf5 33. Qe4 g6 34. Qe3 Qf8 35. g4 Rd5 36. Qf4 Qg7 37. Rb7 Rf8 38. Rxe6 Rxd4 39. cxd4 Bxe6 40. Rxb5 hxg4 41. fxg4 Rd8 42. Be3 Bd5 43. h4 Rd7 44. Kf2 Rd8 45. Qg5 f6 46. Qf4 Qf8 47. h5 Bf7 48. Qxf6 gxh5 49. Kg3 Rd6 50. Rxh5+ 1-0

[Event "Angers op 1st"]
[Site "Angers"]
[Date "2006.05.06"]
[Round "1"]
[White "Gilbert, Alphonse"]
[Black "Terrat, Francois"]
[Result "1-0"]
[WhiteElo "1700"]
[BlackElo "1499"]
[PlyCount "65"]
[EventDate "2006.05.06"]
[EventType "swiss"]
[EventRounds "6"]
[EventCountry "FRA"]
[SourceTitle "EXT 2007"]
[Source "ChessBase"]
[SourceDate "2006.11.23"]
[SourceVersion "1"]
[SourceVersionDate "2006.11.23"]
[SourceQuality "1"]

1. d4 c5 2. c3 e6 3. e4 Nf6 4. Bg5 Be7 5. Bxf6 Bxf6 6. e5 Be7 7. Bd3 Nc6 8. Nf3 Qb6 9. Qb3 cxd4 10. Qxb6 axb6 11. cxd4 Bb4+ 12. Nbd2 Be7 13. a3 d5 14. 0-0 Ra4 15. Bb5 Ra5 16. a4 Bd7 17. Nb3 Ra8 18. Rfc1 0-0 19. h4 f6 20. Nbd2 Be8 21. g3 Nb4 22. Bxe8 Rfxe8 23. b3 fxe5 24. Nxe5 Bf6 25. Ndf3 Rec8 26. Nd7 Rxc1+ 27. Rxc1 Bd8 28. Nfe5 g5 29. hxg5 Bxg5 30. Rc7 b5 31. Rxb7 Nc2 32. f4 Bxf4 33. Nf6+ 1-0